• 首页
  • 本馆介绍
  • 公告通知
  • 最新文献
  • 馆藏检索
  • 电子资源
  • 读者导购
  • 参考咨询
  • 我的图书馆
  • 登录
  • 详细信息显示
  • 放入我的书架
  • 预约/预借图书
  • 作者相关作品
  • 分类相关作品
  • 丛书相关作品
  • 出版社相关作品

书目信息

  • 表格格式
  • 工作单格式
  • 卡片格式
题名:
漫谈运载火箭
    
 
作者: 陈寿椿 , 傅炳辰 著
分册:  
出版信息: 北京   知识出版社  1983.10
页数: 170页
开本: 20cm
丛书名:
单 册:
中图分类: V475.3
科图分类:
主题词: 航天器 , 航天器--运载工具
电子资源:
ISBN:
000 00614nam0 2200229 45
001 0312221749
005 20040513160806.7
010    @dCNY0.48
091    @a13214.27
100    @a20031222d1983 km y0chiy0120 ea
101    @achi
105    @a z 000yy
200 1  @a漫谈运载火箭@AMan Tan Yun Zai Huo Jian@f陈寿椿,傅炳辰著@FChen Shou Chun,Fu Bing Chen Zhu
210    @a北京@c知识出版社@d1983.10
215    @a170页@d20cm
606 0  @a航天器
606 0  @a航天器@x运载工具
690    @aV475.3@v3
701 0  @a陈寿椿@4著
701 0  @a傅炳辰@4著
801    @aCN@bTSTCL@c20031222
905    @dV475.3@e5@f1@b151062
    
    漫谈运载火箭/陈寿椿,傅炳辰著.-北京:知识出版社,1983.10
    170页;20cm
    
    
    ISBN :CNY0.48
    
●
相关链接 在E读中查询图书 在五车中查询图书 在当当中查询图书 在豆瓣中查询图书


正题名:漫谈运载火箭     索取号:V475.3/5         预约/预借

序号 登录号 条形码 馆藏地/架位号 状态 备注
1 0151062   001486868   第三借阅区/ [索取号:V475.3/5] 在馆    
2 0151063   001486877   第二样本阅览室/ [索取号:V475.3/5] 在馆    
唐山师范学院图书馆 欢迎您!
大连网信软件有限公司© 版权所有